Derecho Penal
সংরক্ষণ করুন:
| প্রধান লেখক: | |
|---|---|
| বিন্যাস: | গ্রন্থ |
| ভাষা: | স্প্যানিশ |
| প্রকাশিত: |
Santiago
Thomson Reuters Puntolex
2011
|
| মালা: | Tratado de Jurisprudencia y Doctrina
|
| বিষয়গুলি: | |
| ট্যাগগুলো: |
ট্যাগ যুক্ত করুন
কোনো ট্যাগ নেই, প্রথমজন হিসাবে ট্যাগ করুন!
|
MARC
| LEADER | 00000cam a2200000 a 4500 | ||
|---|---|---|---|
| 001 | UCG8499 | ||
| 003 | CL-VaPUC | ||
| 008 | 111212e20111000CL |||||||||||||||||spa|d | ||
| 020 | |a 9789563370805o.c | ||
| 020 | |a 9789563371055t.1 | ||
| 020 | |a 9789563371062t.2 | ||
| 082 | 0 | 4 | |a 345.050 |b BUL |2 21 |
| 100 | |a Bullemore Gallardo, Vivian Robert |e autor |9 494333 | ||
| 245 | 1 | 0 | |a Derecho Penal |
| 300 | |a t | ||
| 942 | |c BK | ||
| 945 | |d 20111212 00:00:00 |a dcastane | ||
| 260 | |a Santiago |b Thomson Reuters Puntolex |c 2011 | ||
| 500 | |a Revista Fallos del Mes | ||
| 650 | 7 | |a DERECHO PENAL |2 CL-VaPUC |9 11 | |
| 650 | 0 | |a Procedimiento penal |9 254974 | |
| 650 | 0 | |a Responsabilidad penal |9 254899 | |
| 650 | 0 | |a Derecho procesal penal |9 255496 | |
| 650 | 0 | |a Delito |9 336975 | |
| 650 | 7 | |a DERECHO PENAL CHILENO |2 CL-VaPUC |9 559552 | |
| 583 | |a last modification |c 20111212 13:13:00 |k Rodrigo Vera | ||
| 490 | 0 | |a Tratado de Jurisprudencia y Doctrina | |
| 999 | |c 346108 |d 346106 | ||
| 952 | |0 0 |1 0 |4 0 |6 345_050000000000000_BUL_2011 |7 0 |8 A |9 446598 |a BIBDER |b BIBDER |d 2019-11-22 |h t.1 |i 4813006 |l 1 |o 345.050 BUL 2011 |p 4813006 |r 2024-03-04 |s 2024-03-04 |w 2019-11-22 |y BK |k DER | ||
| 952 | |0 0 |1 0 |4 0 |6 345_050000000000000_BUL_2011 |7 0 |8 A |9 446599 |a BIBDER |b BIBDER |d 2019-11-22 |h t.2 |i 4813014 |o 345.050 BUL 2011 |p 4813014 |r 2022-07-18 |w 2019-11-22 |y BK |k DER | ||